000 00333nam a2200133Ia 4500
005 20260328101451.0
008 260328s9999||||xx |||||||||||||| ||und||
100 _aSlavid, Ruth
245 0 _aMicro :
_b Very small Buildings /
_cRuth Slavid
260 _bLaurence King
300 _a224 p.
650 _aARQUITECTURA CIVIL
942 _cBK
999 _c8655
_d8655